00478nam a22001697a 450000500170000001000150001702000270003203500140005903700090007308200150008210000180009724500660011525000060018126000510018727000400023830000300027820240703153558.0 aENG-140749 c3695.00a9788195676927 aEN-124281 bDBAD a338.47621 aTripathi, P.K aHandbook on Electric Vehicles Manufacturing/cBy P.K Tripathi a1 aDelhibNIIR Project Consultancy Servicesc2022 bDelhie110007a106 - A, Kamla Nagar axvi,468p.c21cm(pbk)bill